000 00671nam a2200241 i 4500
001 bg
100 1 _aOGRODOWSKA, Barbara
245 1 0 _aŚwięta polskie - tradycja i obyczaj /
_cBarbara Ogrodowska.
250 _aWyd. 2.
260 _aWarszawa :
_bWydawnictwo Alfa-Wero,
_c2000.
300 _a352 s. :
_bil., nuty ;
_c29 cm.
504 _aBibliogr.
650 9 _aObrzędy
_xetnografia
_zPolska
650 9 _aObyczaje
_zPolska
650 9 _aŚwięta
_zPolska
020 _a8371791984
040 _cBPK
041 0 _apol
080 _a398.33:394:791.6](438)(091)(02.025.2)
920 _a83-7179-198-4
942 _cKS
008 s pl f |000 0 pol
999 _c52630
_d52630
856 _uhttp://koha.tu.koszalin.pl/cgi-bin/koha/opac-detail.pl?biblionumber=52630
_yKatalog online BPK